| 000 | 01052nam0a22002531 4500 | ||
|---|---|---|---|
| 001 | rc\486859 | ||
| 005 | 20250621103235.0 | ||
| 035 | _a(NLR Aleph) 005729218 | ||
| 090 |
_a7561109 _c7561109 |
||
| 100 | _a20030616d1989 |||y0rusy50 ca | ||
| 101 | 0 | _arus | |
| 102 | _aRU | ||
| 105 | _ay ||||||||| | ||
| 200 | 1 |
_aВопросы развития самодеятельного технического творчества _f[А.Н. Щеглов и др.] |
|
| 210 |
_aМ. _cВНИИ информ. и экономики "Информприбор" _d1989 |
||
| 215 |
_a45, [2] с. _d20 |
||
| 225 | 1 |
_aПриборы, средства автоматизации и системы управления _eОбзор. информ. _fИнформприбор _hТС-11 _iЭкономика и организация приборостроения |
|
| 320 | _aБиблиогр.: с. 37-38 (17 назв.) | ||
| 702 | 1 |
_aЩеглов _bА.Н. _4220 |
|
| 801 | 0 |
_aRU _bNLR _gpsbo |
|
| 801 | 1 |
_aRU _bELAR _2rusmarc |
|
| 852 |
_aNLR _j88-6/7354 |
||
| 942 | _cBOOK | ||
| 980 | _aNB | ||